Statistics for MINECRAFT QUIZ (HARD MODE)

Click here to take the quiz!

General Stats

  • This quiz has been taken 25 times
  • The average score is 17 of 50

Answer Stats

DescriptionAnswer% Correct
Best Minecraft player on planetDream
71%
First Minecraft DesignerMarkus Persson
64%
This difficulty is boring for pro playersPeaceful
64%
This weapon can enchant with Channeling ITrident
64%
Minecraft have _____ different heads.6
57%
This food can place everywhereCake
57%
Where the end portal located in?Stronghold
57%
Vindicator will kill each other if the name tag is ...Johnny
50%
This is even worse than gold thingsLeather
50%
An ore that everybody lovesNetherite
50%
If you EAT this thing, you will have 100% poison effectSpider eye
50%
This country that Minecraft comes fromSweden
50%
Resurrection-like itemTotem
50%
ONLY raw foods can cook by campfire. (T/F)True
50%
Monster that fly through the wallVex
50%
The sum of strings bow and crossbow need5
43%
Raid will start if you have _____ in any villages.Bad omen
43%
This monster kills you easilyCreeper
43%
All terracotta can cook. (T/F)False
43%
This animal gives 4 different itemsMooshroom
43%
This amount of money you MUST pay if you download Minecraft on apple (USD)$6.99
36%
This thing is just like a hammerAnvil
36%
This block is a sand place into water and it changes into a block immediatelyConcrete
36%
This block can't let you die by falling easily unless you're way too highHay bale
36%
This thing with 3 irons is a fuelLava
36%
Minecraft is a _____ video game.sandbox
36%
There are _____ different kinds of mushrooms.6
29%
MAIN RULE UNLESS YOU'RE BEGINNERDo not dig straight down
29%
You have 6 irons, water, and lava. What thing can you make?Obsidian
29%
If you DRINK this thing, you will have 100% poison effectPotion of poison
29%
This thing can make ceramics in real lifeClay
21%
This gamerule can let any mobs changing any kinds of blockMobgriefing
21%
Rarest biome on Minecraft planetModified jungle edge
21%
This crop is ULTIMATELY garbagePoisonous potato
21%
This country might banned Minecraft because of the word "VIOLENCE"Turkey
21%
If you live this land, you will die!!!Void
21%
Minecraft is created in ...17 May 2009
14%
If you killed a wither, what thing you can have?6 Effects
14%
If you mine a ender chest with an pickaxe, you can get ...8 obsidians
14%
Five wheats and a cocoa beans can made ...A bread and a cookie
14%
This paper is made by enchanted appleBanner pattern - Thing
14%
Weakest weapon everEffect weakness 255
14%
This stone can give you xpGrindstone
14%
Second Minecraft DesignerJens Bergensten
14%
Minecraft needs internet if ...Join a server
14%
A monster grabs purple sniper, riding in a black monsterSpider Jockey with enchanted bow
14%
If you want to craft 10 torches, how many sticks do you need?2 sticks and 2 torches from the chest
7%
The percentage of chance that the RAREST mob can spawn4.3797e-75%
7%
This thing can make you stunnedCobweb
7%
Deals the highest damage everEffect instant_damage 255
7%

Score Distribution

Percentile by Number Answered

Percent of People with Each Score

Your Score History

You have not taken this quiz